000 00720nam a22001937a 4500
005 20251108165548.0
008 250721s1980 xx 000 0 ara d
082 1 4 _aم/211.7/يحي
100 1 _aيحيى بن سلام، يحيى بن سلام بن أبي ثعلبه التيمي 124-200ه
245 1 0 _aالتصاريف :
_bتفسير القرآن مما اشبهت أسماؤه و تصرفت معانيه /
264 1 _aتونس :
_bالشركة التونسية للتوزيع،
_c1980.
300 _a410ص
650 1 7 _aالقرآن الكريم
650 1 7 _aالفاظ القرآن
650 1 7 _aأحكام القرآن
700 1 _aشلبي، هند
_eتحقيق
942 _2ddc
_cREF
999 _c30832
_d30832